000 00410nam a2200157 a 4500
005 20140414093840.0
008 071008s19uu xx uuu eng d
050 _aVCD 000
_bSEC 2001
245 _aSecrets of the Bermuda triangle.
260 _aSl :
_bWarner Brothers,
_cc2001.
300 _a2 videodisks
650 _aBermuda triangle
650 _aFilm (documentary).
942 _cAVM
999 _c109240
_d109240